000 00411nam a2200169Ia 4500
001 2110
003 IN-NITTTR
005 20251114232925.0
008 251113s9999||||xx |||||||||||||| ||eng||
040 _beng
040 _cIN-NITTTR
041 _aeng
082 _a621.3076 K58F
100 _aKing, S. F.
245 0 _aFormulae and graded exercises in electrical engineering. /
_cKing, S. F.
942 _2ddc
_cBK
999 _c3115
_d3115